000
00259nam a2200109Ia 4500
008
220204s9999 xx 000 0 und d
082
_a
82-3
_b
CLA
100
_a
Arthur C
245
0
_a
City and the stars
260
_a
London
_b
Victor Gollancz
_c
1976
942
_c
BK
999
_c
24832
_d
24832